000 00508nam a2200217 a 4500
999 _c9349
_d9349
001 9349
003 BD-JhCC
005 20180313103650.0
008 180313s1965 b |||| || | 000 0 eng d
035 _a(BD-JhCC)9349
040 _aBD-JhCC
_dBD-JhCC
041 _aeng
082 _a297
_bHSH 1965
100 _aHashim, Abul
245 _aAs I See it /
_cAbul Hashim,
260 _aDacca:
_bIslamic Academy,
_c1965.
300 _a82 p. :
_c22 cm.
650 _aIslam
942 _2ddc
_cBK